00879nam a2200229 a 4500003000800000005001700008008004100025035001900066040003200085041000800117082002600125245023200151260005800383300002500441336002600466337002800492338002700520650001800547650001800565650001700583710004900600BD-RjUL20251203142934.0251203s1966 sz 000 0 eng  a(BD-RjUL)86030 aDLCcDLCdDLCdBD-RjULbeng aeng00223a341.48b RUL 196604aThe Rule of law and human rights :bPrinciples and definitions as elaborated at the congresses and conferences held under the auspices of the International Commission of Jurists, 1955-1966 /cInternational Commission of Jurists aGeneva :bInternational Commission of Jurists,c1966. aviii, 83 p.;c24 cm. atextbtxt2rdacontent aunmediatedbn2rdamedia avolumebnc2rdacarrier 0aHuman rights. 0aCivil rights. 0aRule of law.2 aInternational Commission of Jurists (1952- )